<?xml version="1.0" encoding="UTF-8"?>
<record
    xmlns:xsi="http://www.w3.org/2001/XMLSchema-instance"
    xsi:schemaLocation="http://www.loc.gov/MARC21/slim http://www.loc.gov/standards/marcxml/schema/MARC21slim.xsd"
    xmlns="http://www.loc.gov/MARC21/slim">

  <leader>00513nam a2200181Ia 4500</leader>
  <controlfield tag="003">OSt</controlfield>
  <controlfield tag="005">20260219155757.0</controlfield>
  <datafield tag="020" ind1=" " ind2=" ">
    <subfield code="a">978-0-13115291-2</subfield>
  </datafield>
  <datafield tag="040" ind1=" " ind2=" ">
    <subfield code="c">LC</subfield>
  </datafield>
  <datafield tag="050" ind1=" " ind2=" ">
    <subfield code="a">QH 308.7 .M 55 2004</subfield>
  </datafield>
  <datafield tag="100" ind1=" " ind2=" ">
    <subfield code="a">MILLER, KENNETH R</subfield>
  </datafield>
  <datafield tag="245" ind1=" " ind2="0">
    <subfield code="a">BIOLOGY</subfield>
  </datafield>
  <datafield tag="260" ind1=" " ind2=" ">
    <subfield code="a">UPPER SADDLE RIVER, NEW JERSEY,</subfield>
    <subfield code="b">PEARSON PRENTICE HALL,</subfield>
    <subfield code="c">2004,</subfield>
  </datafield>
  <datafield tag="300" ind1=" " ind2=" ">
    <subfield code="a">XXii, 1146 P, ILL</subfield>
  </datafield>
  <datafield tag="500" ind1=" " ind2=" ">
    <subfield code="a">INCLUDES BIBLIOGRAPHICAL REFERENCES AND INDEX</subfield>
  </datafield>
  <datafield tag="650" ind1=" " ind2=" ">
    <subfield code="a">Biology-Study and teaching, (Secondary)-Textbooks</subfield>
  </datafield>
  <datafield tag="942" ind1=" " ind2=" ">
    <subfield code="c">BK</subfield>
    <subfield code="2">lcc</subfield>
  </datafield>
  <datafield tag="999" ind1=" " ind2=" ">
    <subfield code="c">191687</subfield>
    <subfield code="d">191687</subfield>
  </datafield>
  <datafield tag="952" ind1=" " ind2=" ">
    <subfield code="0">0</subfield>
    <subfield code="1">0</subfield>
    <subfield code="2">lcc</subfield>
    <subfield code="4">0</subfield>
    <subfield code="7">0</subfield>
    <subfield code="a">KSUL</subfield>
    <subfield code="b">KSUL</subfield>
    <subfield code="c">DISPLAY</subfield>
    <subfield code="d">2023-09-15</subfield>
    <subfield code="i">58162</subfield>
    <subfield code="l">0</subfield>
    <subfield code="o">QH 308.7 .M55 2004</subfield>
    <subfield code="p">034943</subfield>
    <subfield code="r">2023-09-15 12:25:05</subfield>
    <subfield code="t">C. 3</subfield>
    <subfield code="w">2023-09-15</subfield>
    <subfield code="y">BK</subfield>
  </datafield>
  <datafield tag="952" ind1=" " ind2=" ">
    <subfield code="0">0</subfield>
    <subfield code="1">0</subfield>
    <subfield code="2">lcc</subfield>
    <subfield code="4">0</subfield>
    <subfield code="7">0</subfield>
    <subfield code="a">KSUL</subfield>
    <subfield code="b">KSUL</subfield>
    <subfield code="c">DISPLAY</subfield>
    <subfield code="d">2023-09-15</subfield>
    <subfield code="i">58165</subfield>
    <subfield code="l">3</subfield>
    <subfield code="m">1</subfield>
    <subfield code="o">QH 308.7 .M55 2004</subfield>
    <subfield code="p">014736</subfield>
    <subfield code="r">2025-04-07 17:43:57</subfield>
    <subfield code="s">2025-03-24</subfield>
    <subfield code="t">C. 6</subfield>
    <subfield code="w">2023-09-15</subfield>
    <subfield code="y">BK</subfield>
  </datafield>
  <datafield tag="952" ind1=" " ind2=" ">
    <subfield code="0">0</subfield>
    <subfield code="1">0</subfield>
    <subfield code="2">lcc</subfield>
    <subfield code="4">0</subfield>
    <subfield code="7">0</subfield>
    <subfield code="a">KSUL</subfield>
    <subfield code="b">KSUL</subfield>
    <subfield code="c">DISPLAY</subfield>
    <subfield code="d">2023-09-15</subfield>
    <subfield code="i">58168</subfield>
    <subfield code="l">3</subfield>
    <subfield code="o">QH 308.7 .M55 2004</subfield>
    <subfield code="p">014735</subfield>
    <subfield code="r">2026-01-19 19:32:50</subfield>
    <subfield code="s">2026-01-05</subfield>
    <subfield code="t">C. 9</subfield>
    <subfield code="w">2023-09-15</subfield>
    <subfield code="y">BK</subfield>
  </datafield>
  <datafield tag="952" ind1=" " ind2=" ">
    <subfield code="0">0</subfield>
    <subfield code="1">0</subfield>
    <subfield code="2">lcc</subfield>
    <subfield code="4">0</subfield>
    <subfield code="7">0</subfield>
    <subfield code="a">KSUL</subfield>
    <subfield code="b">KSUL</subfield>
    <subfield code="c">DISPLAY</subfield>
    <subfield code="d">2023-09-15</subfield>
    <subfield code="i">58163</subfield>
    <subfield code="l">0</subfield>
    <subfield code="o">QH 308.7 .M55 2004</subfield>
    <subfield code="p">000000009800</subfield>
    <subfield code="r">2024-08-30 10:26:12</subfield>
    <subfield code="t">C. 4</subfield>
    <subfield code="w">2023-09-15</subfield>
    <subfield code="y">BK</subfield>
  </datafield>
  <datafield tag="952" ind1=" " ind2=" ">
    <subfield code="0">0</subfield>
    <subfield code="1">0</subfield>
    <subfield code="2">lcc</subfield>
    <subfield code="4">0</subfield>
    <subfield code="7">0</subfield>
    <subfield code="a">KSUL</subfield>
    <subfield code="b">KSUL</subfield>
    <subfield code="c">DISPLAY</subfield>
    <subfield code="d">2023-09-15</subfield>
    <subfield code="i">58161</subfield>
    <subfield code="l">4</subfield>
    <subfield code="m">1</subfield>
    <subfield code="o">QH 308.7 .M55 2004</subfield>
    <subfield code="p">034940</subfield>
    <subfield code="r">2026-04-07 11:40:01</subfield>
    <subfield code="s">2026-03-13</subfield>
    <subfield code="t">C. 2</subfield>
    <subfield code="w">2023-09-15</subfield>
    <subfield code="y">BK</subfield>
  </datafield>
  <datafield tag="952" ind1=" " ind2=" ">
    <subfield code="0">0</subfield>
    <subfield code="1">0</subfield>
    <subfield code="2">lcc</subfield>
    <subfield code="4">0</subfield>
    <subfield code="7">0</subfield>
    <subfield code="a">KSUL</subfield>
    <subfield code="b">KSUL</subfield>
    <subfield code="c">DISPLAY</subfield>
    <subfield code="d">2023-09-15</subfield>
    <subfield code="i">58164</subfield>
    <subfield code="l">1</subfield>
    <subfield code="o">QH 308.7 .M55 2004</subfield>
    <subfield code="p">014737</subfield>
    <subfield code="r">2025-09-25 16:53:09</subfield>
    <subfield code="s">2025-09-12</subfield>
    <subfield code="t">5</subfield>
    <subfield code="w">2023-09-15</subfield>
    <subfield code="y">BK</subfield>
  </datafield>
  <datafield tag="952" ind1=" " ind2=" ">
    <subfield code="0">0</subfield>
    <subfield code="1">0</subfield>
    <subfield code="2">lcc</subfield>
    <subfield code="4">0</subfield>
    <subfield code="7">0</subfield>
    <subfield code="a">KSUL</subfield>
    <subfield code="b">KSUL</subfield>
    <subfield code="c">DISPLAY</subfield>
    <subfield code="d">2023-09-15</subfield>
    <subfield code="i">58161</subfield>
    <subfield code="l">3</subfield>
    <subfield code="o">QH 308.7 .M55 2004</subfield>
    <subfield code="p">014738</subfield>
    <subfield code="r">2025-12-01 10:40:40</subfield>
    <subfield code="s">2025-11-18</subfield>
    <subfield code="t">C. 1</subfield>
    <subfield code="w">2023-09-15</subfield>
    <subfield code="y">BK</subfield>
  </datafield>
  <datafield tag="952" ind1=" " ind2=" ">
    <subfield code="0">0</subfield>
    <subfield code="1">0</subfield>
    <subfield code="2">lcc</subfield>
    <subfield code="4">0</subfield>
    <subfield code="7">0</subfield>
    <subfield code="a">KSUL</subfield>
    <subfield code="b">KSUL</subfield>
    <subfield code="c">DISPLAY</subfield>
    <subfield code="d">2023-09-15</subfield>
    <subfield code="i">58167</subfield>
    <subfield code="l">1</subfield>
    <subfield code="o">QH 308.7 .M55 2004</subfield>
    <subfield code="p">034944</subfield>
    <subfield code="r">2024-10-28 11:21:34</subfield>
    <subfield code="s">2024-10-14</subfield>
    <subfield code="t">C. 8</subfield>
    <subfield code="w">2023-09-15</subfield>
    <subfield code="y">BK</subfield>
  </datafield>
  <datafield tag="952" ind1=" " ind2=" ">
    <subfield code="0">0</subfield>
    <subfield code="1">0</subfield>
    <subfield code="2">lcc</subfield>
    <subfield code="4">0</subfield>
    <subfield code="7">0</subfield>
    <subfield code="a">KSUL</subfield>
    <subfield code="b">KSUL</subfield>
    <subfield code="c">DISPLAY</subfield>
    <subfield code="d">2023-09-15</subfield>
    <subfield code="i">58166</subfield>
    <subfield code="l">3</subfield>
    <subfield code="o">QH 308.7 .M55 2004</subfield>
    <subfield code="p">034942</subfield>
    <subfield code="r">2026-02-18 19:16:06</subfield>
    <subfield code="s">2026-02-04</subfield>
    <subfield code="t">C. 7</subfield>
    <subfield code="w">2023-09-15</subfield>
    <subfield code="y">BK</subfield>
  </datafield>
</record>
